| 000 | 01358cab a22002535a 4500 | ||
|---|---|---|---|
| 001 | L138831 | ||
| 008 | 070713s2007 xxk f 000 0 eng d | ||
| 035 | _a(Sirsi) u138831 | ||
| 041 | 0 | _aeng | |
| 100 | 1 | _aJones, Robert | |
| 245 | 0 | 0 | _aBack to the future |
| 260 | _c2007 | ||
| 490 |
_aRICS Business _vJune 2007, 26-27(2) |
||
| 520 | _aLooks back on the history of planning reform over the last century. Provides an overview of regular and ongoing problems with the system. Planning laws are becoming more complex with continuing reform. Regulations were over simplistic in earlier times, but held the advantage that all parties could understand the situation. Examines the major legislative milestones, particularly the four Planning Acts of 1990. Provides a timeline of major events. Argues that the current public perception is of an overloaded planning system. It is failing due to a lack of resources and inability to employ the right people. | ||
| 590 | _aKA | ||
| 650 | 2 | 4 | _aPLANNING (LISTED BUILDINGS AND CONSERVATION AREAS) ACT 1990 |
| 650 | 2 | 4 | _aPLANNING (HAZARDOUS SUBSTANCES) ACT 1990 |
| 650 | 2 | 4 | _aPLANNING (CONSEQUENTIAL PROVISIONS) ACT 1990 |
| 650 | 2 | 4 | _aTOWN AND COUNTRY PLANNING ACT 1947 |
| 650 | 2 | 4 | _aTOWN AND COUNTRY PLANNING ACT 1990 |
| 651 | 4 |
_aUnited Kingdom _y |
|
| 690 |
_aPlanning and development _96259 |
||
| 942 | _n0 | ||
| 999 |
_c79007 _d79007 |
||